MARC details
| 000 -LEADER |
| fixed length control field |
00990nam a2200277Ia 4500 |
| 003 - CONTROL NUMBER IDENTIFIER |
| control field |
PACU |
| 005 - DATE AND TIME OF LATEST TRANSACTION |
| control field |
20210917122553.0 |
| 008 - FIXED-LENGTH DATA ELEMENTS--GENERAL INFORMATION |
| fixed length control field |
130521s9999 xx 000 0 und d |
| 020 ## - INTERNATIONAL STANDARD BOOK NUMBER |
| International Standard Book Number |
9966777830 |
| 040 ## - CATALOGING SOURCE |
| Original cataloging agency |
PACU |
| Language of cataloging |
Eng |
| Transcribing agency |
PACU |
| 050 ## - LIBRARY OF CONGRESS CALL NUMBER |
| Classification number |
HD 8039 .K4 |
| Item number |
.M355 2020 |
| 100 ## - MAIN ENTRY--PERSONAL NAME |
| Personal name |
Kippra |
| 9 (RLIN) |
2852 |
| 245 ## - TITLE STATEMENT |
| Title |
Assessing the Cotton, Textile, and Apparel Sector Employment Potential in Kenya |
| Statement of responsibility, etc. |
Wario Malicha and Lawrence Njoroge |
| 260 ## - PUBLICATION, DISTRIBUTION, ETC. (IMPRINT) |
| Place of publication, distribution, etc. |
Kenya : |
| Name of publisher, distributor, etc. |
KIPPRA, |
| Date of publication, distribution, etc. |
2020. |
| 300 ## - PHYSICAL DESCRIPTION |
| Extent |
viii, 43p. |
| Other physical details |
Colour Illustrations. |
| Dimensions |
25cm. |
| 440 ## - SERIES STATEMENT/ADDED ENTRY--TITLE |
| Title |
KIPPRA Discussion Paper |
| Number of part/section of a work |
No. 229 |
| 504 ## - BIBLIOGRAPHY, ETC. NOTE |
| Bibliography, etc |
Includes Bibliographic Information, (41-43p) |
| 650 ## - SUBJECT ADDED ENTRY--TOPICAL TERM |
| Topical term or geographic name as entry element |
Textile Industry |
| Geographic subdivision |
Kenya |
| 650 ## - SUBJECT ADDED ENTRY--TOPICAL TERM |
| Topical term or geographic name as entry element |
Cotton Textile Industry |
| Geographic subdivision |
Kenya |
| 650 ## - SUBJECT ADDED ENTRY--TOPICAL TERM |
| Topical term or geographic name as entry element |
Clothing Trade |
| Geographic subdivision |
Kenya |
| 650 ## - SUBJECT ADDED ENTRY--TOPICAL TERM |
| Topical term or geographic name as entry element |
Apparel Industry |
| Geographic subdivision |
Kenya |
| 650 ## - SUBJECT ADDED ENTRY--TOPICAL TERM |
| Topical term or geographic name as entry element |
Job Creation |
| 650 ## - SUBJECT ADDED ENTRY--TOPICAL TERM |
| Topical term or geographic name as entry element |
Employability, Employment Potential |
| 650 ## - SUBJECT ADDED ENTRY--TOPICAL TERM |
| Topical term or geographic name as entry element |
Labour |
| General subdivision |
Textile Industry |
| Geographic subdivision |
Kenya |
| 942 ## - ADDED ENTRY ELEMENTS (KOHA) |
| Source of classification or shelving scheme |
Library of Congress Classification |
| Koha item type |
Special Collections |
| Classification part |
HD 8039 .K4 |
| Item part |
.M355 2020 |